La revolución de la inteligencia

Tallennettuna:
Bibliografiset tiedot
Päätekijä: Machado, Luis Alberto (autor)
Aineistotyyppi: Kirja
Kieli:espanja
Julkaistu: Barcelona Seix Barral 1978
Sarja:Biblioteca Breve de Bolsillo. Libros de Enlace, 131
Aiheet:
Tagit: Lisää tagi
Ei tageja, Lisää ensimmäinen tagi!

MARC

LEADER 00000nam a2200000 a 4500
001 UCG1864
003 CL-VaPUC
008 100520e19780000SP |||||||||||||||||spa|d
020 |a 8432227323 
082 0 4 |a 153  |b MAC  |2 21 
100 |a Machado, Luis Alberto  |e autor  |9 549957 
245 1 3 |a La revolución de la inteligencia 
300 |a 156 p 
942 |c BK 
945 |d 20100520 00:00:00  |a dcastane 
260 |a Barcelona  |b Seix Barral  |c 1978 
650 7 |a INTELIGENCIA HUMANA  |2 CL-VaPUC  |9 313167 
583 |a last modification  |c 20100520 00:00:00  |k Rodrigo Vera 
490 0 |a Biblioteca Breve de Bolsillo. Libros de Enlace, 131 
999 |c 341122  |d 341120 
952 |0 0  |1 0  |4 0  |6 153_000000000000000_MAC_1978  |7 0  |8 P  |9 436403  |a BIBEDU  |b BIBEDU  |c BIBEDU_PB  |d 2019-11-22  |i 4678427  |o 153 MAC 1978  |p 4678427  |r 2024-01-25  |w 2019-11-22  |y BK  |k EPE